000 00640cam a22002293a 4500
001 19025
003 PGUSA
005 20140828083414.0
008 060810s2006||||xxu|||||s|||||000 1 eng d
040 _aPGUSA
_beng
042 _adc
050 4 _aPZ
100 1 _aBlanchard, Amy Ella,
_d1856-1926
245 1 2 _aA Sweet Little Maid
_h[electronic resource] /
_cAmy Ella Blanchard
260 _bProject Gutenberg,
_c2006
506 _aPublic domain in the USA.
516 _aElectronic text
653 _aGirls -- Juvenile fiction
830 0 _aProject Gutenberg
_v19025
856 4 0 _uhttp://www.gutenberg.org/ebooks/19025
942 _cEB
999 _c248280
_d248280